00342nam a2200109Ia 4500008004100000040001700041041001200058082001600070245007800086260005900164300000900223230917s9999||||xx |||||||||||||| ||und|| e184419aMAIN aEnglish a34:368 J53J 0aJeevan Beema (Apat upbandh) adhiniyam, 1956 (1956 ka adhiniyam sankhya 9) aNew DelhibGovt. of India, Deptt. of Publicationc1975 a8 p.